Odd but True Facts - Statistics

General Stats
  • This quiz has been taken 40 times
  • The average score is 17 of 19
Answer Stats
Hint Answer % Correct
The world’s longest concert lasted... 453 hours
100%
The Pentagon has an emergency plan to deal with... a zombie apocalypse
100%
Dolly Parton is the godmother of... Miley Cyrus
100%
Platypuses sweat... milk
100%
Two-thirds of the world's population has... never seen snow
100%
The real name for a hashtag is... an octothorpe
97%
Australia is wider than... the Moon
97%
90 percent of the world’s population lives in... the Northern Hemisphere
97%
The shortest war in history lasted only... 38 minutes
93%
The Universe's average color is called... cosmic latte
93%
Astronaut John Young smuggled into space... a Corned-beef sandwich
90%
The world's biggest frog is bigger than... the world's smallest antelope
90%
Chainsaws were first invented for... childbirth
87%
Tyra Banks is scared of... dolphins
87%
The longest anyone has held their breath underwater is over... 24.5 minutes
83%
All the ants in the world weigh about the same as... all the people
83%
The entire Internet weights about the same as... one large strawberry
80%
In 1990 Russia exchanged 17 submarines, a cruiser, a frigate, and a destroyer for... Pepsi products
80%
Scotland has twice as many giant pandas as... Conservative MPs
70%
No matching quizzes found
Score Distribution
Percent of People with Each Score
Percentile by Number Answered
Your Score History
You have not taken this quiz